Key to scholarship mathematics

Αποθηκεύτηκε σε:
Λεπτομέρειες βιβλιογραφικής εγγραφής
Κύριος συγγραφέας: Starr, Arthur Tisso
Μορφή: Βιβλίο
Γλώσσα:English
Δημοσίευση: London : Sir Isaac Pitman, 1961-1962
Θέματα:
Ετικέτες: Προσθήκη ετικέτας
Δεν υπάρχουν, Καταχωρήστε ετικέτα πρώτοι!

MARC

LEADER 00000nam a2200000 i 4500
001 1/8053
008 100604m19611962enk eng d
035 |l 10108112 
040 |a GR-MY-UA  |b gre  |e aacr 
041 0 |a eng 
082 0 |a 510.76   |2 (22) 
100 1 |a Starr, Arthur Tisso. 
245 1 0 |a Key to scholarship mathematics /  |c A. T. Starr 
260 |a London :   |b Sir Isaac Pitman,   |c 1961-1962 
300 |a 2τ. (157-119 σ.) :   |b σχέδια ;   |c 22 εκ. 
504 |a Περιέχει ευρετήριο 
505 0 |a τ.1. Analysis 
505 8 |a τ.2. Geometry 
650 0 0 |a Mathematics  |x Problems, exercises, etc. 
650 0 0 |a Mathematical analysis  |x Problems, exercises, etc. 
650 0 0 |a Geometry  |x Problems, exercises, etc. 
740 0 2 |a Analysis 
740 0 |a Geometry 
852 |a INST  |b SAMOS  |c MAG  |e 20100604  |h 510.76 STA  |p 005300031800  |q 005300031800  |t BK  |v τ.1:  |y 0  |z τ.1 
852 |a INST  |b SAMOS  |c MAG  |e 20150901  |h 510.76 STA  |p 005300035254  |q 005300035254  |t BK  |v τ.2:  |y 0 
853 |a INST  |b SAMOS  |c MAG  |h 510.76 STA 
901 |a BIBL3-2010-2 
909 |a Σ  |b 162401 
909 |a Σ  |b 162402 
920 |a ΜΑΓΕΙΡΑΣ  |b ΠΑΝΑΓΙΩΤΗΣ  |y ΣΑΜΟΣ  |z 2008-09 
970 |a ΣΙΤΖΙΜΗ  |b ΓΙΑΣΕΜΗ  |z 2010/06/04